000 00565nam a2200229Ia 4500
003 OSt
005 20220916111029.0
006 a|||||r|||| 00| 0
007 ta
008 220915b |||||||| |||| 00| 0 eng d
024 _a123695
037 _cTextbook
040 _beng
_aARTS
_cARTS
041 _aeng
082 _aV663:1:N5, 122J5
100 _aCharbonneau J
245 0 _aLe Maroc a la croisee des Chemins
260 _c1953
650 _aHISTORY
942 _hV663:1:N5, 122J5
_cTB
_2CC
999 _c103905
_d103905